| 000 | 01161nam a22002894a 4500 | ||
|---|---|---|---|
| 001 | ebr10022976 | ||
| 003 | CaPaEBR | ||
| 006 | m u | ||
| 007 | cr cn||||||||| | ||
| 008 | 001211s2001 nyu sb 001 0 eng d | ||
| 010 | _z 00069225 | ||
| 020 | _z0312238150 | ||
| 040 |
_aCaPaEBR _cCaPaEBR |
||
| 035 | _a(OCoLC)70735453 | ||
| 050 | 1 | 4 |
_aDS916 _b.M94 2001eb |
| 100 | 1 |
_aMyers, Robert John, _d1924- |
|
| 245 | 1 | 0 |
_aKorea in the cross currents _h[electronic resource] : _ba century of struggle and the crisis of reunification / _cRobert J. Myers. |
| 260 |
_aNew York : _bPalgrave, _c2001. |
||
| 300 | _avii, 200 p. | ||
| 504 | _aIncludes bibliographical references and index. | ||
| 533 |
_aElectronic reproduction. _bPalo Alto, Calif. : _cebrary, _d2009. _nAvailable via World Wide Web. _nAccess may be limited to ebrary affiliated libraries. |
||
| 650 | 0 | _aKorean reunification question (1945- ) | |
| 651 | 0 |
_aKorea _xHistory _y20th century. |
|
| 655 | 7 |
_aElectronic books. _2local |
|
| 710 | 2 | _aebrary, Inc. | |
| 856 | 4 | 0 |
_uhttp://site.ebrary.com/lib/rucke/Doc?id=10022976 _zAn electronic book accessible through the World Wide Web; click to view |
| 999 |
_c7645 _d7645 |
||